000 00381nam a2200121 4500
999 _c12451
_d12451
008 190125b ||||| |||| 00| 0 eng d
100 _935099
_aMendez, Christina
245 _aRody rejects frat brods' intervention on nun's deportation/
_cChristina Mendez
260 _aPhilippines
_bThe Philippine Star
_cc2018
300 _apage 8.
650 0 _935100
_aPolitics.
942 _2ddc
_cPER